000 00524nam a22001817a 4500
003 OSt
005 20250716031804.0
008 250716b |||||||| |||| 00| 0 eng d
020 _a9781416516934
040 _aDWCL-Main lib
_cOC
082 _aFic. K54d 2003
100 _aKing, Stephen
245 _aThe dark tower V :
_bwolves of the Calla/
_cStephen King
260 _aNew York, NY :
_bSimon & Schuster,
_cc2003.
300 _axix, [2] 931 pages ;
_c19 cm.
700 _aBernie Wrightson
942 _2ddc
_cFIC.
_kFic.
_n0
999 _c3701
_d3701